हिंदी कहानी 1994 / (Record no. 114833)

MARC details
000 -LEADER
fixed length control field 01074nam a22002657a 4500
005 - DATE AND TIME OF LATEST TRANSACTION
control field 20170124103014.0
010 ## - LIBRARY OF CONGRESS CONTROL NUMBER
LC control number A-934573
020 ## - INTERNATIONAL STANDARD BOOK NUMBER
Terms of availability 125.00
035 ## - SYSTEM CONTROL NUMBER
System control number A-934573
037 ## - SOURCE OF ACQUISITION
Source of stock number/acquisition Cen Lib/Ret
040 ## - CATALOGING SOURCE
Original cataloging agency DPL
Language of cataloging HN
082 ## - DEWEY DECIMAL CLASSIFICATION NUMBER
Classification number
Item number हिंदी
245 ## - TITLE STATEMENT
Title हिंदी कहानी 1994 /
Statement of responsibility, etc संपादक राकेश गुप्त [एवं] ऋषिकुमार चतुर्वेदी
246 ## - VARYING FORM OF TITLE
Title proper/short title Hindi kahani 1994
260 ## - PUBLICATION, DISTRIBUTION, ETC. (IMPRINT)
Place of publication, distribution, etc अलीगढ
Name of publisher, distributor, etc ग्रंथायन
Date of publication, distribution, etc 1997
270 ## - ADDRESS
Address सर्वोदय नगर सासनी गेट
City अलीगढ
Postal code 202001
300 ## - PHYSICAL DESCRIPTION
Extent 190पृष्ठ.
Dimensions 20(सजिल्द)
650 ## - SUBJECT ADDED ENTRY--TOPICAL TERM
Topical term or geographic name as entry element हिंदी साहित्य
9 (RLIN) 139303
650 ## - SUBJECT ADDED ENTRY--TOPICAL TERM
Topical term or geographic name as entry element हिंदी कहानी
9 (RLIN) 139304
650 ## - SUBJECT ADDED ENTRY--TOPICAL TERM
Topical term or geographic name as entry element hindi literature
9 (RLIN) 139305
650 ## - SUBJECT ADDED ENTRY--TOPICAL TERM
Topical term or geographic name as entry element Hindi Story
9 (RLIN) 43117
700 ## - ADDED ENTRY--PERSONAL NAME
Personal name गुप्त , राकेश
9 (RLIN) 139306
700 ## - ADDED ENTRY--PERSONAL NAME
Personal name चतुर्वेदी, ऋषिकुमार
9 (RLIN) 45019
942 ## - ADDED ENTRY ELEMENTS (KOHA)
Source of classification or shelving scheme Dewey Decimal Classification
Koha item type Hindi Books
Classification part
Call number suffix हिंदी
Holdings
Withdrawn status Lost status Damaged status Not for loan Home library Current library Date acquired Source of acquisition Cost, normal purchase price Total Checkouts Full call number Barcode Date last seen Copy number Cost, replacement price Price effective from Koha item type
        Central Library Central Library 18/08/2015 Cen Lib/Ret 125.00   क हिंदी A-934573 18/08/2015 1 125.00 18/08/2015 Hindi Books
        Central Library Central Library 18/03/2016 Cen Lib/Ret 125.00   क हिंदी A-934572 18/03/2016 1 125.00 18/03/2016 Hindi Books

© Delhi Public Library
Hit Counter
free hit counter